[Event "TT - Queen's pawn I"]
[Site "SchemingMind.com"]
[Date "2006.05.08"]
[Round "-"]
[White "_keyes"]
[Black "Erhaem"]
[Result "0-1"]
[WhiteCountry "ENG"]
[BlackCountry "NED"]
[WhiteElo "1820"]
[WhiteRD "90"]
[BlackElo "2020"]
[BlackRD "60"]
[GameID "49931"]

1. d4 d5 2. c4 e6 3. Nc3 c5 4. cxd5 exd5 5. Nf3 Nc6 6. g3 Nf6 7. Bg2 Be7 8. O-O O-O 9. Bg5 cxd4 10. Nxd4 h6
11. Be3 Re8 12. Qb3 Na5 13. Qc2 Bg4 14. Rad1 Rc8 15. h3 Bd7 16. Nf5 Be6 17. Nxe7+ Rxe7 18. Bd4 Re8 19. Bxf6 Qxf6 20. Qa4 Nc4
21. Qb4 b6 22. e3 a5 23. Qb5 Red8 24. Nxd5 Qxb2 25. Qxb2 Nxb2 26. Ne7+ Kf8 27. Rxd8+ Rxd8 28. Nc6 Rd3 29. Rb1 Na4 30. Be4 Rd2
31. Kg2 Bxa2 32. Rc1 Nc5 33. Bf3 Nd3 34. Rf1 a4 35. g4 a3 36. Be4 Bc4 37. Bxd3 Bxd3 38. Ra1 Be4+
0-1

[Event "TT - Queen's pawn I"]
[Site "SchemingMind.com"]
[Date "2006.05.08"]
[Round "-"]
[White "_keyes"]
[Black "doodledandy"]
[Result "0-1"]
[WhiteCountry "ENG"]
[BlackCountry "CAN"]
[WhiteElo "1802"]
[WhiteRD "92"]
[BlackElo "2419"]
[BlackRD "72"]
[GameID "49932"]

1. d4 d5 2. c4 e6 3. Nc3 c5 4. cxd5 exd5 5. Nf3 Nf6 6. g3 Nc6 7. Bg2 Be7 8. Bg5 c4 9. O-O O-O 10. Qd2 h6
11. Bf4 Bf5 12. Rad1 Qb6 13. Ne5 Rfd8 14. Be3 Rac8 15. f3 Nxe5 16. dxe5 d4 17. Bxd4 Rxd4
0-1

[Event "TT - Queen's pawn I"]
[Site "SchemingMind.com"]
[Date "2006.05.08"]
[Round "-"]
[White "_keyes"]
[Black "Tere"]
[Result "1-0"]
[WhiteCountry "ENG"]
[BlackCountry "VEN"]
[WhiteElo "1802"]
[WhiteRD "92"]
[BlackElo "1460"]
[BlackRD "131"]
[GameID "49933"]

1. d4 d5 2. c4 e6 3. Nc3 c5 4. cxd5 exd5 5. Nf3 Nc6 6. g3 Nf6 7. Bg2 Bf5 8. Bg5 h6 9. Bxf6 Qxf6 10. Nxd5 Qe6
11. Nc7+ Kd7 12. Nxe6 Bxe6 13. d5 Bf5 14. dxc6+ Kc7 15. cxb7 Rb8 16. O-O Bd6 17. Nh4 Bg6 18. Nxg6 fxg6 19. Qd5
1-0

[Event "TT - Queen's pawn I"]
[Site "SchemingMind.com"]
[Date "2006.05.08"]
[Round "-"]
[White "_keyes"]
[Black "keen"]
[Result "0-1"]
[WhiteCountry "ENG"]
[BlackCountry "SCO"]
[WhiteElo "1802"]
[WhiteRD "92"]
[BlackElo "1736"]
[BlackRD "61"]
[GameID "49936"]

1. d4 d5 2. c4 e6 3. Nc3 c5 4. cxd5 exd5 5. Nf3 Nc6 6. g3 h6 7. Bg2 Nf6 8. O-O Be7 9. Bf4 O-O 10. dxc5 Bxc5
11. Qd2 Bf5 12. Rad1 d4 13. Nb5 Qb6 14. Nbxd4 Rad8 15. Be3 Be4 16. Qc3 Nd5 17. Qc4 Nxe3 18. fxe3 Bd5 19. Qc3 Bxf3 20. Nxf3 Bxe3+
21. Kh1 Rxd1 22. Rxd1 Rd8 23. Rxd8+ Nxd8 24. b3 Nc6 25. a3 Bc5 26. b4 Be7 27. Nd2 Bf6 28. Qf3 Qd4 29. Ne4 Qa1+ 30. Bf1 Bd4
31. Kg2 Ne5 32. Qf5 Qc1 33. Qf4 Qxa3 34. b5 Qb2 35. Qf5 Qc1 36. h3 Qe3 37. Qc8+ Kh7 38. Qf5+ g6 39. Qf2 Qxe4+
0-1

[Event "TT - Queen's pawn I"]
[Site "SchemingMind.com"]
[Date "2006.05.08"]
[Round "-"]
[White "_keyes"]
[Black "iain"]
[Result "1-0"]
[WhiteCountry "ENG"]
[BlackCountry "USA"]
[WhiteElo "1877"]
[WhiteRD "127"]
[BlackElo "1230"]
[BlackRD "76"]
[GameID "49937"]

1. d4 d5 2. c4 e6 3. Nc3 c5 4. cxd5 exd5 5. Nf3 Nf6 6. g3 g6 7. Bg2 c4 8. O-O Bg7 9. Bg5 O-O 10. Qd2 Nc6
11. Rae1 a6 12. Nh4 Qd6 13. Bf4 Qe6 14. e4 Nxd4 15. exd5 Qb6 16. Be3 Ng4 17. Na4 Qf6 18. Bg5 Qd6 19. Be7 Qd7 20. Nb6 Ne5
21. Nxd7 Re8 22. Nf6+ Bxf6 23. Bxf6 Bh3 24. Qh6
1-0

[Event "TT - Queen's pawn I"]
[Site "SchemingMind.com"]
[Date "2006.05.08"]
[Round "-"]
[White "_keyes"]
[Black "McKnights"]
[Result "1-0"]
[WhiteCountry "ENG"]
[BlackCountry "USA"]
[WhiteElo "1877"]
[WhiteRD "127"]
[BlackElo "1801"]
[BlackRD "67"]
[GameID "49938"]

1. d4 d5 2. c4 e6 3. Nc3 c5 4. cxd5 exd5 5. Nf3 c4 6. g3 Be6 7. Bg2 Nf6 8. Bg5 Be7 9. O-O O-O 10. Nd2 Nc6
11. e3 Ne8 12. Bxe7 Nxe7 13. f3 Nd6 14. e4 Ndc8 15. f4 Nb6 16. f5 Bc8 17. f6 gxf6 18. Rxf6 Be6 19. e5 Nd7 20. Rf2 Qc7
21. Qh5 Ng6 22. Bxd5 Qb6 23. Nf3 Bxd5 24. Nxd5 Qd8 25. Ng5
1-0

[Event "TT - Queen's pawn I"]
[Site "SchemingMind.com"]
[Date "2006.05.09"]
[Round "-"]
[White "Erhaem"]
[Black "_keyes"]
[Result "1-0"]
[WhiteCountry "NED"]
[BlackCountry "ENG"]
[WhiteElo "2013"]
[WhiteRD "58"]
[BlackElo "1802"]
[BlackRD "92"]
[GameID "49939"]

1. d4 d5 2. c4 e6 3. Nc3 c5 4. cxd5 exd5 5. Nf3 Nf6 6. Bg5 Be6 7. e3 Nbd7 8. Bb5 cxd4 9. Bxf6 gxf6 10. Qxd4 a6
11. Bxd7+ Qxd7 12. Qxf6 Rg8 13. O-O Bg7 14. Qg5 f6 15. Qh4 O-O-O 16. Na4 Kb8 17. Nc5 Qd6 18. Qb4 Bc8 19. Nd4 Bf8 20. Rac1 Ka7
21. Kh1 b6 22. Qa4
1-0

[Event "TT - Queen's pawn I"]
[Site "SchemingMind.com"]
[Date "2006.05.08"]
[Round "-"]
[White "doodledandy"]
[Black "_keyes"]
[Result "1-0"]
[WhiteCountry "CAN"]
[BlackCountry "ENG"]
[WhiteElo "2379"]
[WhiteRD "76"]
[BlackElo "1820"]
[BlackRD "90"]
[GameID "49940"]

1. d4 d5 2. c4 e6 3. Nc3 c5 4. cxd5 exd5 5. Nf3 Nf6 6. g3 Be7 7. Bg2 O-O 8. O-O Nc6 9. Bg5 cxd4 10. Nxd4 h6
11. Be3 Bg4 12. h3 Be6 13. Rc1 Nxd4 14. Bxd4 Qa5 15. Qb3 b6 16. Qb5 Qxb5 17. Nxb5 Rfd8 18. Rfd1 Ne8 19. b3 Rd7 20. g4 a6
21. Nc3 b5 22. f4 f6 23. Rd3 Ba3 24. Rcd1 Bb4 25. Be3 Rad8 26. f5 Bf7 27. Nxd5 Bxd5 28. Bxd5+ Kh8 29. Kg2 Nc7 30. Bf7 Rxd3
31. Rxd3
1-0

[Event "TT - Queen's pawn I"]
[Site "SchemingMind.com"]
[Date "2006.05.09"]
[Round "-"]
[White "Tere"]
[Black "_keyes"]
[Result "0-1"]
[WhiteCountry "VEN"]
[BlackCountry "ENG"]
[WhiteElo "1456"]
[WhiteRD "120"]
[BlackElo "1820"]
[BlackRD "90"]
[GameID "49941"]

1. d4 d5 2. c4 e6 3. Nc3 c5 4. e3 Nf6 5. Nf3 Nc6 6. cxd5 exd5 7. dxc5 Bxc5 8. Bb5 O-O 9. O-O Bg4 10. e4 d4
11. Bxc6 dxc3 12. Qxd8 Raxd8 13. Bxb7 Rb8 14. e5 Nd7 15. Bc6 cxb2 16. Bxb2 Bxf3 17. gxf3 Rxb2 18. Bxd7 Rd8 19. e6 fxe6 20. Bxe6+ Kf8
21. Rab1 Rxb1 22. Rxb1 Rd2 23. Rb8+ Ke7 24. Bb3 Rxf2 25. Rb7+ Kf6 26. Rf7+ Kg6 27. Kh1 Kh6 28. Rf4 g5 29. Rf5 Bb6 30. Rf7 Kg6
31. Be6 h5 32. Bd5 Rf1+ 33. Kg2 Rg1+ 34. Kh3 g4+
0-1

[Event "TT - Queen's pawn I"]
[Site "SchemingMind.com"]
[Date "2006.05.08"]
[Round "-"]
[White "keen"]
[Black "_keyes"]
[Result "0-1"]
[WhiteCountry "SCO"]
[BlackCountry "ENG"]
[WhiteElo "1736"]
[WhiteRD "61"]
[BlackElo "1802"]
[BlackRD "92"]
[GameID "49944"]

1. d4 d5 2. c4 e6 3. Nc3 c5 4. Nf3 cxd4 5. Nxd4 Nf6 6. Bg5 Be7 7. e3 O-O 8. Be2 Nc6 9. O-O Ne5 10. cxd5 exd5
11. Qc2 h6 12. Bf4 Ng6 13. Bg3 a6 14. Bd3 Nh8 15. Rad1 Be6 16. e4 g6 17. Nxe6 fxe6 18. exd5 exd5 19. Bxg6 Rc8 20. Qf5 d4
21. Be5 Qd7 22. Rxd4 Qxf5 23. Bxf5 Rc5 24. f4 Nf7 25. Be6 Rc6 26. f5 Kh7 27. Bf4 Bc5 28. Rd1 Ng5 29. Bxg5 hxg5 30. Kh1 Bxd4
31. Rxd4 b5 32. h3 Nh5 33. Rg4 Kh6 34. h4 gxh4 35. Rxh4 Kg5 36. Rd4 Ng3+ 37. Kh2 Nxf5 38. Bxf5 Rxf5 39. Ne4+ Kh6 40. Ng3 Rf2
41. Rh4+ Kg7 42. Rg4+ Kf7 43. Ne4 Rxb2 44. Ng5+ Ke7 45. Re4+ Kf6 46. Nh7+ Kf5 47. Re8 Rh6+
0-1

[Event "TT - Queen's pawn I"]
[Site "SchemingMind.com"]
[Date "2006.05.08"]
[Round "-"]
[White "iain"]
[Black "_keyes"]
[Result "0-1"]
[WhiteCountry "USA"]
[BlackCountry "ENG"]
[WhiteElo "1230"]
[WhiteRD "76"]
[BlackElo "1877"]
[BlackRD "127"]
[GameID "49945"]

1. d4 d5 2. c4 e6 3. Nc3 c5 4. Nf3 Nf6 5. e3 Nc6 6. Be2 cxd4 7. Nxd4 a6 8. O-O Be7 9. cxd5 exd5 10. a3 O-O
11. b4 Ne5 12. Na4 Qd6 13. Nc5 b6 14. Nd3 Neg4 15. Nf4 g5 16. Nxd5 Qxh2#
0-1

[Event "TT - Queen's pawn I"]
[Site "SchemingMind.com"]
[Date "2006.05.08"]
[Round "-"]
[White "McKnights"]
[Black "_keyes"]
[Result "1/2-1/2"]
[WhiteCountry "USA"]
[BlackCountry "ENG"]
[WhiteElo "1776"]
[WhiteRD "60"]
[BlackElo "1844"]
[BlackRD "81"]
[GameID "49946"]

1. d4 d5 2. c4 e6 3. Nc3 c5 4. dxc5 Bxc5 5. cxd5 exd5 6. Nf3 Be6 7. e3 Nf6 8. Na4 Bb4+ 9. Bd2 Bxd2+ 10. Qxd2 Ne4
11. Qb4 Nc6 12. Bb5 Bd7 13. Bxc6 Bxc6 14. O-O a5 15. Qd4 Qf6 16. b3 Qxd4 17. exd4 Bxa4 18. bxa4 O-O 19. Rab1 Rab8 20. Rb5 b6
21. Rfb1 Nc3 22. R1b2 Nxb5 23. axb5 Rfc8 24. h3 Rc1+ 25. Kh2 Rbc8 26. a4 R1c2 27. Rb3 Rxf2 28. Re3 Ra2 29. Re5 Rd8 30. Re7 Rxa4
31. Rb7 Rb4 32. Rxb6 Ra8 33. Ne5 a4 34. Nc6 Rb3 35. Ne7+ Kf8 36. Nxd5 a3 37. Nc7 Rc8 38. Ra6 g6 39. b6 Rb8 40. Na8 Ke7
41. Nc7 Kd6 42. Na8 Kc6 43. Ra7 Rb7 44. d5+ Kxd5 45. Rxb7 a2 46. Ra7 Rb2 47. b7 Kc6 48. b8=Q Rxb8 49. Rxa2 Kb7 50. Rf2 Kxa8
51. Rxf7 h5 52. Rf6 Rg8 53. Rf7 Kb8 54. Kg3 g5 55. Rh7 h4+ 56. Kg4 Kc8 57. Rh5 Kd7 58. Rxg5 Rh8 59. Rg6 Ke7 60. g3 hxg3
61. Kxg3 Kf7 62. Rg5 Kf6 63. Kg4 Ke6 64. h4 Ra8 65. Rg6+ Kf7 66. h5 Ra4+ 67. Kg5 Ra5+ 68. Kh6 Kf8 69. Rb6 Ra7 70. Rc6 Rb7
71. Ra6 Rb8 72. Kh7 Rb7+ 73. Kh8 Rb5 74. h6 Rg5 75. Ra4 Rg8+= 76. Kh7 Rg1 77. Ra7 Rg2 78. Rg7 Rh2 79. Rg5 Kf7 80. Rf5+ Ke6
81. Rf3 Rg2 82. Kh8 Rg1 83. Rf8 Ke7 84. Rg8 Rh1 85. h7 Kf7 86. Rg2 Rf1 87. Rg8 Rh1 88. Rg2 Rf1 89. Rg3 Kf8 90. Rg8+ Kf7
91. Rg2 Kf8 92. Ra2 Kf7 93. Ra8 Rh1 94. Ra5 Rf1 95. Ra4 Kf8 96. Ra7 Rg1 97. Ra2 Rf1= 98. Re2 Kf7 99. Rg2 Kf8 100. Rg7 Rf7
101. Rg8+ Ke7 102. Rg4 Kf8 103. Rg8+ Ke7 104. Rg7 Kf8 105. Rxf7+ Kxf7
1/2-1/2

[Event "TT - Queen's pawn I"]
[Site "SchemingMind.com"]
[Date "2006.05.08"]
[Round "-"]
[White "MatdeInverses"]
[Black "_keyes"]
[Result "1-0"]
[WhiteCountry "USA"]
[BlackCountry "ENG"]
[WhiteElo "1978"]
[WhiteRD "46"]
[BlackElo "1802"]
[BlackRD "92"]
[GameID "50001"]

1. d4 d5 2. c4 e6 3. Nc3 c5 4. cxd5 exd5 5. Nf3 Nf6 6. g3 Be7 7. Bg2 O-O 8. O-O Nc6 9. Bg5 c4 10. Ne5 Be6
11. Nxc6 bxc6 12. b3 cxb3 13. axb3 h6 14. Bf4 Bb4 15. Na4 a5 16. Rc1 Rc8 17. Nc5 Bf5 18. Nd3 Bd6 19. Bxd6 Qxd6 20. Rc5 Ra8
21. Ne5 Rfc8 22. Qc1 Ra6 23. Qf4 Be6 24. Rfc1 Nd7 25. Nxd7 Qxf4 26. gxf4 Bxd7 27. Bxd5 g6 28. Bf3 Raa8 29. Bxc6 Bxc6 30. Rxc6 Rcb8
31. R1c3 Rb4 32. e3 Rab8 33. Rc8+ Kg7 34. Rxb8 Rxb8 35. Rc5 Rxb3 36. Rxa5 Rb1+ 37. Kg2 Rd1 38. h4 h5 39. f5
1-0

[Event "TT - Queen's pawn I"]
[Site "SchemingMind.com"]
[Date "2006.05.08"]
[Round "-"]
[White "MatdeInverses"]
[Black "Erhaem"]
[Result "1/2-1/2"]
[WhiteCountry "USA"]
[BlackCountry "NED"]
[WhiteElo "2016"]
[WhiteRD "45"]
[BlackElo "2020"]
[BlackRD "60"]
[GameID "50002"]

1. d4 d5 2. c4 e6 3. Nc3 c5 4. cxd5 exd5 5. Nf3 Nc6 6. g3 Nf6 7. Bg2 Be7 8. O-O O-O 9. Bg5 cxd4 10. Nxd4 h6
11. Be3 Re8 12. Rc1 Bg4 13. h3 Be6 14. Na4 Nxd4 15. Bxd4 b6 16. Nc3 Bc5 17. e3 Rc8 18. Kh2 Bxd4 19. exd4 Qd7 20. Re1 b5
21. Re5 Qd6 22. Qd3 b4 23. Ne2 Rxc1 24. Nxc1 Nd7 25. Re3 Kh8 26. f4 Rc8 27. Nb3 g6 28. Re2 Kh7 29. Qe3 Qa6 30. g4 Rf8
31. Qf3 f5 32. Qe3 Bf7 33. Qe7 Kg8 34. Rf2 Qe6 35. Re2=
1/2-1/2

[Event "TT - Queen's pawn I"]
[Site "SchemingMind.com"]
[Date "2006.05.08"]
[Round "-"]
[White "MatdeInverses"]
[Black "doodledandy"]
[Result "0-1"]
[WhiteCountry "USA"]
[BlackCountry "CAN"]
[WhiteElo "1871"]
[WhiteRD "53"]
[BlackElo "2419"]
[BlackRD "76"]
[GameID "50003"]

1. d4 d5 2. c4 e6 3. Nc3 c5 4. cxd5 exd5 5. Nf3 Nf6 6. Bg5 Be7 7. dxc5 Nc6 8. e3 O-O 9. Bb5 Bxc5 10. O-O Be6
11. Rc1 Be7 12. a3 h6 13. Bh4 Rc8 14. Nd4 Nxd4 15. Qxd4 Qa5 16. Be2 Rfd8 17. Rfd1 Rc4 18. Bxc4 dxc4 19. Bxf6 Rxd4 20. Bxd4 h5
21. h3 h4 22. e4 Bg5 23. Rc2 Kh7 24. Re2 b6 25. Kf1 Bf4 26. Nd5 Qa4 27. Ree1 Bh2 28. Bc3 Qb5 29. Re2 f6 30. Ne3 Qg5
31. Ree1 Be5 32. Nd5 b5 33. Re3 Bh2 34. Ree1 Be5 35. Re3= Bb8 36. Ree1 Bh2 37. Re3 Qh5 38. Ree1 Qg5 39. Re3 Qg6 40. Ne7 Qh5
41. Ree1 Qc5 42. Nd5 a6 43. Re2 Qa7 44. Red2 Qf7 45. Re2 Qb7 46. Red2 Kg6 47. g4 Kf7 48. Re2 Bb8 49. Red2 Qc6 50. f3 Qd6
51. e5 Qc6 52. f4 f5 53. g5 Qb7 54. Ke2 Ba7 55. g6+ Kxg6
0-1

[Event "TT - Queen's pawn I"]
[Site "SchemingMind.com"]
[Date "2006.05.08"]
[Round "-"]
[White "MatdeInverses"]
[Black "Tere"]
[Result "1-0"]
[WhiteCountry "USA"]
[BlackCountry "VEN"]
[WhiteElo "1978"]
[WhiteRD "46"]
[BlackElo "1460"]
[BlackRD "131"]
[GameID "50004"]

1. d4 d5 2. c4 e6 3. Nc3 c5 4. cxd5 exd5 5. Nf3 Nc6 6. g3 Nf6 7. Bg2 Ne4 8. dxc5 Bxc5 9. Nxe4 dxe4 10. Qxd8+ Nxd8
11. Ng5 Bb4+ 12. Kf1 Ne6 13. Bxe4 Nxg5 14. Bxg5 h6 15. Bf4 O-O 16. Kg2 g5 17. Be3 f5 18. Bd5+ Kh7 19. Rac1 f4 20. Rc7+ Kg6
21. Bd4 Ba5 22. Rg7+ Kf5 23. f3
1-0

[Event "TT - Queen's pawn I"]
[Site "SchemingMind.com"]
[Date "2006.05.08"]
[Round "-"]
[White "MatdeInverses"]
[Black "keen"]
[Result "0-1"]
[WhiteCountry "USA"]
[BlackCountry "SCO"]
[WhiteElo "1956"]
[WhiteRD "47"]
[BlackElo "1688"]
[BlackRD "60"]
[GameID "50007"]

1. d4 d5 2. c4 e6 3. Nc3 c5 4. cxd5 exd5 5. Nf3 Nc6 6. g3 Nf6 7. Bg2 Be7 8. O-O O-O 9. Bg5 h6 10. Be3 c4
11. Ne5 Be6 12. Nxc4 dxc4 13. d5 Ng4 14. dxc6 Nxe3 15. Qxd8 Rfxd8 16. cxb7 Rab8 17. fxe3 Bc5 18. Kf2 Bf5 19. Rad1 Re8 20. Rd4 Bxd4
21. exd4 Re7 22. e4 Bg6 23. e5 Rexb7 24. Bxb7 Rxb7 25. b3 cxb3 26. axb3 Rxb3 27. Nd5 Be4 28. Ne3 Rb2+ 29. Ke1 Rxh2 30. d5 Rh5
31. d6 Bc6 32. Nc4 Bd7 33. Kd2 Rh2+ 34. Ke3 Rg2 35. Ra1 Rxg3+ 36. Kd4 Rg4+ 37. Kc5 Be6 38. Ne3 Re4 39. Nc2 Rc4+
0-1

[Event "TT - Queen's pawn I"]
[Site "SchemingMind.com"]
[Date "2006.05.08"]
[Round "-"]
[White "MatdeInverses"]
[Black "iain"]
[Result "1-0"]
[WhiteCountry "USA"]
[BlackCountry "USA"]
[WhiteElo "1956"]
[WhiteRD "47"]
[BlackElo "1230"]
[BlackRD "76"]
[GameID "50008"]

1. d4 d5 2. c4 e6 3. Nc3 c5 4. cxd5 exd5 5. Nf3 Nf6 6. g3 Be7 7. Bg2 O-O 8. O-O c4 9. Ne5 Qd6 10. Bf4 Qb6
11. Qd2 Be6 12. Bg5 Nc6 13. e3 Ne4 14. Nxe4 Bxg5 15. Nxg5 Ne7 16. Nxe6 fxe6 17. Nd7 Rxf2 18. Qxf2 Qd8 19. Qf7+ Kh8 20. Qxe6 Ng6
21. Bxd5 Rc8 22. Nf8 Nxf8 23. Qg8#
1-0

[Event "TT - Queen's pawn I"]
[Site "SchemingMind.com"]
[Date "2006.05.08"]
[Round "-"]
[White "MatdeInverses"]
[Black "McKnights"]
[Result "1/2-1/2"]
[WhiteCountry "USA"]
[BlackCountry "USA"]
[WhiteElo "1956"]
[WhiteRD "47"]
[BlackElo "1801"]
[BlackRD "67"]
[GameID "50009"]

1. d4 d5 2. c4 e6 3. Nc3 c5 4. cxd5 exd5 5. Nf3 Nc6 6. g3 c4 7. Bg2 Be6 8. O-O Nf6 9. Ne5 Nxe5 10. dxe5 Nd7
11. Nxd5 Nxe5 12. Bf4 Bd6 13. Rc1 Rc8 14. Qa4+ Bd7 15. Qxa7 Bc5 16. Qxb7 Bc6 17. Qa6 O-O 18. Bxe5 Bxd5 19. Rcd1 Ra8 20. Qb5 Ra5
21. Qxa5 Qxa5 22. Rxd5 Qb6 23. Bc3 Re8 24. e4 Bb4 25. Bd4 Qa6 26. a3 Bf8 27. Bc3 Qb6 28. Bf3 Bc5 29. Kg2 f6 30. e5 fxe5
31. Rxe5 Rxe5 32. Bxe5 Bd4 33. Bxd4 Qxd4 34. Rd1 Qxb2 35. Bd5+ Kf8 36. Bxc4 Qxa3 37. Bd5 h6 38. h4 Qb2=
1/2-1/2

[Event "TT - Queen's pawn I"]
[Site "SchemingMind.com"]
[Date "2006.05.08"]
[Round "-"]
[White "_keyes"]
[Black "MatdeInverses"]
[Result "0-1"]
[WhiteCountry "ENG"]
[BlackCountry "USA"]
[WhiteElo "1802"]
[WhiteRD "92"]
[BlackElo "1978"]
[BlackRD "46"]
[GameID "50010"]

1. d4 d5 2. c4 e6 3. Nc3 c5 4. cxd5 cxd4 5. Qxd4 Nc6 6. Qd1 exd5 7. Nxd5 Be6 8. e4 Nf6 9. Nxf6+ Qxf6 10. a3 Qg6
11. f3 Bc5 12. Ne2 O-O 13. Nf4 Qf6 14. Nxe6 Qxe6 15. Qc2 Bb6 16. Qc4 Qg6 17. Bd2 Rac8 18. Qa4 Rfd8 19. Rc1 Qd6 20. Bc3 Qf4
21. Rc2 Qe3+
0-1

[Event "TT - Queen's pawn I"]
[Site "SchemingMind.com"]
[Date "2006.05.09"]
[Round "-"]
[White "Erhaem"]
[Black "MatdeInverses"]
[Result "1-0"]
[WhiteCountry "NED"]
[BlackCountry "USA"]
[WhiteElo "2013"]
[WhiteRD "58"]
[BlackElo "1978"]
[BlackRD "46"]
[GameID "50011"]

1. d4 d5 2. c4 e6 3. Nc3 c5 4. cxd5 cxd4 5. Qa4+ Bd7 6. Qxd4 exd5 7. Qxd5 Nc6 8. Nf3 Nf6 9. Qd1 Bc5 10. e3 Qe7
11. Be2 O-O-O 12. O-O g5 13. b4 Bxb4 14. Bb2 g4 15. Nd4 Kb8 16. Ncb5 a6 17. Nxc6+ Bxc6 18. Qb1 Bc5 19. Qf5
1-0

[Event "TT - Queen's pawn I"]
[Site "SchemingMind.com"]
[Date "2006.05.09"]
[Round "-"]
[White "doodledandy"]
[Black "MatdeInverses"]
[Result "1-0"]
[WhiteCountry "CAN"]
[BlackCountry "USA"]
[WhiteElo "2419"]
[WhiteRD "72"]
[BlackElo "1978"]
[BlackRD "46"]
[GameID "50012"]

1. d4 d5 2. c4 e6 3. Nc3 c5 4. cxd5 cxd4 5. Qa4+ Bd7 6. Qxd4 exd5 7. Qxd5 Nc6 8. Nf3 Nf6 9. Qd1 Bc5 10. e3 Qe7
11. a3 O-O-O 12. Qc2 Kb8 13. Be2 g5 14. b4 g4 15. Nh4 Bb6 16. Bb2 h5 17. Nf5 Qe5 18. Na4 Qd5 19. Nxb6 axb6 20. Bxf6 Bxf5
21. Qc3 Qxg2 22. Rf1 Rhe8 23. b5 Nd4 24. Bxd4
1-0

[Event "TT - Queen's pawn I"]
[Site "SchemingMind.com"]
[Date "2006.05.09"]
[Round "-"]
[White "Tere"]
[Black "MatdeInverses"]
[Result "0-1"]
[WhiteCountry "VEN"]
[BlackCountry "USA"]
[WhiteElo "1460"]
[WhiteRD "131"]
[BlackElo "1978"]
[BlackRD "46"]
[GameID "50013"]

1. d4 d5 2. c4 e6 3. Nc3 c5 4. cxd5 cxd4 5. Qxd4 Nc6 6. Qa4 exd5 7. e4 d4 8. Nd5 Be6 9. Bc4 Ne7 10. Nf3 Nxd5
11. Ne5 Bb4+ 12. Bd2 Bxd2+ 13. Kxd2 Qg5+ 14. Kc2 Nb4+ 15. Kd1 Qxe5 16. Bxe6 Qxe6 17. f3 Qc4 18. a3 Qd3+ 19. Ke1 Nc2+
0-1

[Event "TT - Queen's pawn I"]
[Site "SchemingMind.com"]
[Date "2006.05.08"]
[Round "-"]
[White "keen"]
[Black "MatdeInverses"]
[Result "0-1"]
[WhiteCountry "SCO"]
[BlackCountry "USA"]
[WhiteElo "1688"]
[WhiteRD "60"]
[BlackElo "1956"]
[BlackRD "47"]
[GameID "50016"]

1. d4 d5 2. c4 e6 3. Nc3 c5 4. Nf3 cxd4 5. Nxd4 e5 6. Nf3 d4 7. Nd5 Nc6 8. e3 Nf6 9. Nxf6+ Qxf6 10. exd4 exd4
11. Bg5 Bb4+ 12. Bd2 Bd6 13. Bd3 O-O 14. O-O Bg4 15. Qb1 Bxf3 16. gxf3 Ne5
0-1

[Event "TT - Queen's pawn I"]
[Site "SchemingMind.com"]
[Date "2006.05.08"]
[Round "-"]
[White "iain"]
[Black "MatdeInverses"]
[Result "0-1"]
[WhiteCountry "USA"]
[BlackCountry "USA"]
[WhiteElo "1230"]
[WhiteRD "76"]
[BlackElo "1956"]
[BlackRD "47"]
[GameID "50017"]

1. d4 d5 2. c4 e6 3. Nc3 c5 4. e3 Nf6 5. Nf3 Nc6 6. Be2 a6 7. O-O dxc4 8. Bxc4 b5 9. Nxb5 axb5 10. Bxb5 Bd7
11. Bxc6 Bxc6 12. Ne5 Qd5 13. f3 cxd4 14. exd4 Bd6 15. Nxc6 Qxc6 16. Re1 O-O 17. Be3 Qd5 18. b3 Rfc8 19. g4 Rc3 20. g5 Rxe3
21. Rxe3 Qxg5+ 22. Kf2 Bxh2 23. Ke2 Nd5 24. Re4 Nc3+
0-1

[Event "TT - Queen's pawn I"]
[Site "SchemingMind.com"]
[Date "2006.05.08"]
[Round "-"]
[White "McKnights"]
[Black "MatdeInverses"]
[Result "0-1"]
[WhiteCountry "USA"]
[BlackCountry "USA"]
[WhiteElo "1801"]
[WhiteRD "67"]
[BlackElo "1956"]
[BlackRD "47"]
[GameID "50018"]

1. d4 d5 2. c4 e6 3. Nc3 c5 4. dxc5 Nf6 5. Bg5 Bxc5 6. Nf3 d4 7. Bxf6 Qxf6 8. Ne4 Bb4+ 9. Nfd2 Qe5 10. Qc2 f5
11. Ng5 Qf6 12. a3 Be7 13. Ngf3 e5 14. Nb3 Nc6 15. O-O-O Be6 16. e4 f4 17. Bd3 Rc8 18. Rdf1 b5 19. Nfd2 O-O 20. c5 a6
21. Kb1 Rc7 22. Rfg1 Rfc8 23. Rc1 Na7 24. Be2 a5 25. a4 bxa4 26. Nxa5 a3 27. bxa3 Rxc5 28. Qa4 Rc3 29. Nac4 Rb8+ 30. Ka1 Nb5
31. Rb1 Bd7 32. Rb2 Bc6 33. Qa6 Ra8 34. Qxa8+ Bxa8 35. Rxb5 Bf8 36. Rhb1 d3 37. Bg4 Qa6 38. Rb6 Rxa3+ 39. Kb2 Qa4 40. Bd1 Qa7
41. Bb3 Kh8 42. Nf3 Bxe4 43. Nfxe5 Bc5 44. Re6 g6 45. Re8+ Kg7 46. Rd8 Rxb3+ 47. Kxb3 Qb7+ 48. Ka2 Qa6+ 49. Kb2 Qb5+ 50. Kc1 d2+
51. Nxd2 Bxb1 52. Rd7+ Kf6 53. Ng4+ Ke6 54. Rxh7 Ba3+ 55. Kd1 Qf5
0-1